000 00447nam a2200181Ia 4500
001 24504
005 20260414151048.0
008 260414t2007||||xx |||||||||||||| ||spa||
041 _aESP
082 _a345.71
_bO44
100 _aAlvaro de Oliveira, Carlos Alberto
_eAUT
245 0 _aDel formalismo en el proceso civil
_b
260 _c2007
300 _a503 páginas :
_ccm.
650 _aDER
654 _aCDE
942 _cLIB
_dJUS
_fJUS
_2ddc
_n
999 _c24504
_d24504